1851 1041 1620 1912 1790 1154 1416 1425 1270 1461 1962 1499 1469 1768 1158 1845 1423 1106 1970 1984 1890 1149 1639 1650 1700 1412 1750 1721 1334 1584 1832 1502 1315 1297 1626 1044 1420 1822 1768 1969 1583 1128 1291 1550 1337 1117 1563 1424 1227 1163 1002 1369 1401 1481 1662 1636 1830 1577 1614 1746 1261 1121 1482 1703 1267 1564 1074 1692 1123 1644 1622 1030 1045 1573 1735 1612 1181 1822 1278 1373 1390 1815 1870 1940 1679 1778 1864 1753 1416 1569 1643 1148 1914 1488 1494 1737 1798 1349 1058 BCNSPRNW ULIB Ver.6.0+V

เปลี่ยนเป็นภาษาไทย

Change to English
 แสดงรายละเอียดบรรณานุกรม
  กลับหน้าหลัก

Brief Record : Get Marc (ISO 2709) : E-mail record : QR code < ปิดหน้าต่าง
LEADER : 00000nam 2200000uu 4500
001    13399127596
003     ULIB
008    210222s2561||||th 000 0 tha d
020    ^a9789746523165^c450
060  4 ^aQS504^bก768จ
100 0  ^aเกล็ดแก้ว ด่านวิวัฒน์
245 10 ^aจุลกายวิภาคศาสตร์ /^cเกล็ดแก้ว ด่านวิวัฒน์
250    ^aพิมพ์ครั้งที่ 2
260    ^aกรุงเทพฯ :^bไอกรุ๊ป เพรส,^c2561
300    ^aav, 212 หน้า :^bภาพประกอบ
650  2 ^aHistology
650  4 ^aจุลกายวิภาคศาสตร์
945    ^p450^l0^i007702
945    ^p450^l0^i007703
945    ^p450^l0^i007704
945    ^p450^l0^i007705
945    ^p450^l0^i007706
945    ^p450^l0^i007707
945    ^p450^l0^i007708
945    ^p450^l0^i007709
945    ^p450^l0^i007710
945    ^p450^l0^i007711
999    ^aประนอม เกษจรัล
รายการนี้ยังไม่มีแท็ก
คุณยังไม่ได้ล็อกอิน คุณสามารถมีกิจกรรมร่วมกับเว็บไซต์ได้ แต่ต้องล็อกอินก่อน ::
  ล็อกอิน

รายการสื่อสารสนเทศ

ลำดับที่ ประเภท เลขเรียก/บาร์โค้ด สถานที่ สถานะ
1. วิทยาศาสตร์การแพทย์ และสุขภาพ
หนังสือสำรอง
สถานะ=หนังสือสำรอง
QS504 ก768จ ฉ.1 
  Barcode: 007702
ห้องสมุดวิทยาเขตสวรรค์ประชารักษ์
►หนังสือทั่วไป
บนชั้น
2. วิทยาศาสตร์การแพทย์ และสุขภาพ
วิทยาศาสตร์การแพทย์ และสุขภาพ
QS504 ก768จ ฉ.10 
  Barcode: 007711
ห้องสมุดวิทยาเขตสวรรค์ประชารักษ์
►หนังสือทั่วไป
บนชั้น
3. วิทยาศาสตร์การแพทย์ และสุขภาพ
วิทยาศาสตร์การแพทย์ และสุขภาพ
QS504 ก768จ ฉ.2 
  Barcode: 007703
ห้องสมุดวิทยาเขตสวรรค์ประชารักษ์
►หนังสือทั่วไป
บนชั้น
4. วิทยาศาสตร์การแพทย์ และสุขภาพ
วิทยาศาสตร์การแพทย์ และสุขภาพ
QS504 ก768จ ฉ.3 
  Barcode: 007704
ห้องสมุดวิทยาเขตสวรรค์ประชารักษ์
►หนังสือทั่วไป
บนชั้น
5. วิทยาศาสตร์การแพทย์ และสุขภาพ
วิทยาศาสตร์การแพทย์ และสุขภาพ
QS504 ก768จ ฉ.4 
  Barcode: 007705
ห้องสมุดวิทยาเขตสวรรค์ประชารักษ์
►หนังสือทั่วไป
บนชั้น
6. วิทยาศาสตร์การแพทย์ และสุขภาพ
วิทยาศาสตร์การแพทย์ และสุขภาพ
QS504 ก768จ ฉ.5 
  Barcode: 007706
ห้องสมุดวิทยาเขตสวรรค์ประชารักษ์
►หนังสือทั่วไป
บนชั้น
7. วิทยาศาสตร์การแพทย์ และสุขภาพ
วิทยาศาสตร์การแพทย์ และสุขภาพ
QS504 ก768จ ฉ.6 
  Barcode: 007707
ห้องสมุดวิทยาเขตสวรรค์ประชารักษ์
►หนังสือทั่วไป
บนชั้น
8. วิทยาศาสตร์การแพทย์ และสุขภาพ
วิทยาศาสตร์การแพทย์ และสุขภาพ
QS504 ก768จ ฉ.7 
  Barcode: 007708
ห้องสมุดวิทยาเขตสวรรค์ประชารักษ์
►หนังสือทั่วไป
บนชั้น
9. วิทยาศาสตร์การแพทย์ และสุขภาพ
วิทยาศาสตร์การแพทย์ และสุขภาพ
QS504 ก768จ ฉ.8 
  Barcode: 007709
ห้องสมุดวิทยาเขตสวรรค์ประชารักษ์
►หนังสือทั่วไป
บนชั้น
10. วิทยาศาสตร์การแพทย์ และสุขภาพ
วิทยาศาสตร์การแพทย์ และสุขภาพ
QS504 ก768จ ฉ.9 
  Barcode: 007710
ห้องสมุดวิทยาเขตสวรรค์ประชารักษ์
►หนังสือทั่วไป
บนชั้น

รายการใกล้เคียง
    ผู้แต่ง [เกล็ดแก้ว ด่านวิวัฒน์]

    หัวเรื่อง [Histology]
    หัวเรื่อง [จุลกายวิภาคศาสตร์]

BibComment


ยังไม่เคยถูกคอมเมนท์

คอมเมนท์ทรัพยากรรายการนี้
  คอมเมนท์: จุลกายวิภาคศาสตร..


 Copyright 2026. Bcnsprnw @Library